00636nam a2200193 a 450000100100000000500170001000800410002702000150006804000250008308200210010810000460012924500840017525000110025926000440027030000330031449000150034753400630036283000170042500002311920200930022012.0101126s1991 fr a r 000 0 spa d a2855662958 aDO-SdBNPbspacBNPHU aNNNbA946p, 19911 aAïvanhov, Omraam Mikhaël,c1900-1986.10aNavidad y pascua en la tradición iniciática /cOmraam Mikhaël Aïvanhov. a3a ed. aFréjus, (Francia) :bProsveta,c1991. a151, [8] p. :bil. ;c18 cm.1 aIzvorv209 aTítulo original del francés:tNoël et pâques dans. 0aIzvor ;v209